Vista normal
Vista MARC
Entrada Materia (personas)
Número de registros utilizados en: 2
001 - CONTROL NUMBER
- control field: 77397
003 - CONTROL NUMBER IDENTIFIER
- control field: Co-BoUCM
005 - DATE AND TIME OF LATEST TRANSACTION
- control field: 20160524140547.0
008 - FIXED-LENGTH DATA ELEMENTS
- fixed length control field: 160524|| aca||aabn | a|a d
040 ## - CATALOGING SOURCE
- Original cataloging agency: Co-BoUCM
- Transcribing agency: Co-BoUCM
100 ## - HEADING--PERSONAL NAME
- Personal name: Castillo Y GUEVARA, Francisca Josefa Del
670 ## - SOURCE DATA FOUND
- Source citation: Work cat.: (Co-BoUCM): Castillo Y GUEVARA, Francisca Josefa Del, Sentimientos espirituales de la venerable madre Francisca Josefa de la Concepción del Castillo, religiosa del Convento de Santa Clara de la ciudad de Tunja en la República Neo-Granadina del Sur-América, 1843